20 truyện ngắn trẻ quân đội

保存先:
書誌詳細
フォーマット: 図書
言語:Undetermined
出版事項: Hà Nội Thanh niên 2004
主題:
タグ: タグ追加
タグなし, このレコードへの初めてのタグを付けませんか!
Thư viện lưu trữ: Trung tâm Học liệu Trường Đại học Cần Thơ
LEADER 00547nam a2200193Ia 4500
001 CTU_73895
008 210402s9999 xx 000 0 und d
020 |b 40000 
082 |a 895.922301 
082 |b H103 
245 0 |a 20 truyện ngắn trẻ quân đội 
245 0 |c Bùi Thanh Minh (tuyển chọn) 
260 |a Hà Nội 
260 |b Thanh niên 
260 |c 2004 
650 |a Short stories vietnamese 
650 |x Collections 
904 |i Mai Loan, QHieu 
980 |a Trung tâm Học liệu Trường Đại học Cần Thơ